[Event "Mercredi 2018.05.09 ABCD"]
[Site "Montreal CAN"]
[Date "2018.06.06"]
[Round "5"]
[White "O'Neill, Brendon"]
[Black "Gauthier, Luc"]
[Result "0-1"]
[WhiteElo "1767"]
[BlackElo "1731"]
[PlyCount "98"]
[EventDate "2018.05.09"]
[EventType "tourn"]
[EventRounds "5"]
[EventCountry "CAN"]

1. e4 Nf6 2. e5 Nd5 3. c4 Nb6 4. d4 d6 5. exd6 exd6 6. Nf3 Be7 7. Bd3 Nc6 8.
O-O O-O 9. Bd2 Bf6 10. Bc3 Bg4 11. Nbd2 d5 12. c5 Nd7 13. Qc2 h6 14. b4 a6 15.
h3 Be6 16. a4 Ne7 17. b5 a5 18. Rfe1 Re8 19. Nf1 Nf8 20. Ng3 g6 21. Qd2 Bg7 22.
Bxa5 Nd7 23. Bc3 Nf8 24. a5 Qd7 25. a6 bxa6 26. bxa6 h5 27. Reb1 Nf5 28. Rb7
Bh6 29. Qb2 Nxg3 30. fxg3 Bxh3 31. Ne5 Rxe5 32. dxe5 Qg4 33. Qf2 Ne6 34. Kh2 h4
35. Qf3 hxg3+ 36. Kh1 Qh4 37. Kg1 Bg4 38. Qxg4 Qxg4 39. a7 Be3+ 40. Kf1 Qf4+
41. Ke2 Nd4+ 42. Ke1 Qf2+ 43. Kd1 Qg1+ 44. Be1 Bf2 45. Kd2 Nc6 46. Rxc7 Be3+
47. Kd1 Nb4 48. Be2 Bxc5 49. Rb7 Qd4+ 0-1

[Event "Mercredi 2018.05.09 ABCD"]
[Site "Montreal CAN"]
[Date "2018.06.06"]
[Round "5"]
[White "Templonuevo, Mark Geryl"]
[Black "Nardone, Raul"]
[Result "1-0"]
[WhiteElo "1735"]
[BlackElo "1856"]
[PlyCount "73"]
[EventDate "2018.05.09"]
[EventType "tourn"]
[EventRounds "5"]
[EventCountry "CAN"]

1. d4 f5 2. Bg5 g6 3. h4 h6 4. Bf4 Bg7 5. e4 fxe4 6. Qg4 Nf6 7. Qxg6+ Kf8 8.
Nc3 d5 9. O-O-O c6 10. f3 e3 11. Bxe3 Qe8 12. Qd3 b5 13. Nh3 Bxh3 14. Rxh3 a5
15. Re1 Na6 16. g4 a4 17. g5 Ng8 18. Bf4 hxg5 19. hxg5 Nb4 20. Qd2 a3 21. b3
Rxh3 22. Bxh3 Qf7 23. Bg4 Qg6 24. Re6 Qh7 25. Be5 Qh1+ 26. Qd1 Qg2 27. Bxg7+
Kxg7 28. Re2 Qg3 29. Kb1 Qf4 30. Re5 Rf8 31. Ne2 Qh2 32. c3 Na6 33. Re6 Nb8 34.
Qd3 Qh1+ 35. Kc2 Qa1 36. Qg6+ Kh8 37. Qh5+ 1-0

[Event "Mercredi 2018.05.09 ABCD"]
[Site "Montreal CAN"]
[Date "2018.06.06"]
[Round "5"]
[White "Zheng, Richard"]
[Black "Pomerantz, Daniel"]
[Result "0-1"]
[WhiteElo "2078"]
[BlackElo "2023"]
[PlyCount "70"]
[EventDate "2018.05.09"]
[EventType "tourn"]
[EventRounds "5"]
[EventCountry "CAN"]

1. d4 Nf6 2. c4 e6 3. Nc3 Bb4 4. Qc2 O-O 5. Bg5 h6 6. Bh4 c5 7. e3 b6 8. f3
cxd4 9. exd4 Nc6 10. O-O-O Be7 11. a3 d5 12. Bf2 Ba6 13. Qa4 Bb7 14. Kb1 Na5
15. c5 Rc8 16. b4 Nc6 17. Qc2 bxc5 18. dxc5 e5 19. Bc4 d4 20. Ne4 Nxe4 21. fxe4
a5 22. b5 Nb8 23. c6 Nxc6 24. bxc6 Rxc6 25. Qe2 Bxa3 26. Ka2 Qc7 27. Bd3 Ba6
28. Nh3 Bxd3 29. Qxd3 Rc3 30. Qb5 Rb8 31. Qxb8+ Qxb8 32. Rd2 Qb3+ 33. Ka1 Rc2
34. Rxc2 Qxc2 35. Rb1 Bb4 0-1

[Event "Mercredi 2018.08.29 ABCD"]
[Site "Montreal CAN"]
[Date "2018.08.29"]
[Round "1"]
[White "Gates, Claude-Eric"]
[Black "Ostaci, Liviu"]
[Result "1-0"]
[WhiteElo "1690"]
[BlackElo "1684"]
[PlyCount "61"]
[EventDate "2018.08.29"]
[EventType "tourn"]
[EventRounds "5"]
[EventCountry "CAN"]

1. d4 d6 2. e4 g6 3. Nf3 Bg7 4. Nc3 Nf6 5. Be2 O-O 6. Be3 c6 7. h3 b5 8. a3 a6
9. O-O Qc7 10. Qd2 d5 11. e5 Nfd7 12. b4 Nb6 13. Bh6 Be6 14. Bxg7 Kxg7 15. Nd1
Nc4 16. Bxc4 dxc4 17. Ne3 Nd7 18. c3 h6 19. Qe2 Nb6 20. Rfc1 Ra7 21. Nd2 Bd5
22. Nxd5 Nxd5 23. e6 f6 24. Re1 Rfa8 25. Nf3 a5 26. Nh4 f5 27. Qf3 axb4 28.
cxb4 Rf8 29. Re5 c3 30. Qg3 c2 31. Qxg6+ 1-0

[Event "Mercredi 2018.08.29 ABCD"]
[Site "Montreal CAN"]
[Date "2018.08.29"]
[Round "1"]
[White "Guipi Bopala, Prince Eric jr"]
[Black "O'Connor, Michael"]
[Result "1-0"]
[WhiteElo "1804"]
[BlackElo "1804"]
[PlyCount "145"]
[EventDate "2018.08.29"]
[EventType "tourn"]
[EventRounds "5"]
[EventCountry "CAN"]

1. d4 f5 2. Bf4 Nf6 3. e3 e6 4. Be2 Be7 5. Bh5+ Nxh5 6. Qxh5+ g6 7. Qe2 d6 8.
Nf3 Nd7 9. c4 O-O 10. Nc3 a6 11. h3 Nf6 12. O-O Qe8 13. Bh6 Rf7 14. Ng5 Bd8 15.
Nxf7 Kxf7 16. e4 Ng8 17. Bd2 Qd7 18. exf5 exf5 19. Rfe1 c6 20. b4 b6 21. Qd3
Bf6 22. Rad1 Ne7 23. Ne2 d5 24. cxd5 Nxd5 25. Nf4 Qd6 26. Nxd5 Qxd5 27. Qe2 Bd7
28. Be3 a5 29. a3 axb4 30. axb4 Be6 31. Ra1 Rxa1 32. Rxa1 Bxd4 33. Bxd4 Qxd4
34. Ra7+ Kf6 35. Qe1 b5 36. Rxh7 c5 37. bxc5 Qxc5 38. Qa1+ Kg5 39. h4+ Kf4 40.
g3+ Ke4 41. Qb1+ Kd5 42. Qd3+ Kc6 43. Qd8 Qd6 44. Qa8+ Kc5 45. Qa3+ Kd5 46.
Qd3+ Kc5 47. Qa3+ Kd5 48. Qxd6+ Kxd6 49. Kf1 Bc4+ 50. Ke1 Ke6 51. h5 gxh5 52.
Rxh5 Kf6 53. Rh4 Ke5 54. Kd2 Kd5 55. Rh5 Ke4 56. Rh4+ Ke5 57. Rf4 Bd5 58. Kc3
Bc4 59. f3 Bf1 60. Kb4 Be2 61. Kc3 Bf1 62. Kd2 Bc4 63. Ke3 Be6 64. Rb4 Bc4 65.
Rb2 Bf1 66. Rh2 Bc4 67. Rh4 Be6 68. Rf4 Bc4 69. g4 fxg4 70. fxg4 Ke6 71. g5 Ke5
72. g6 Bg8 73. Rf8 1-0

[Event "Mercredi 2018.08.29 ABCD"]
[Site "Montreal CAN"]
[Date "2018.08.29"]
[Round "1"]
[White "Jacquet, Stephane"]
[Black "Barko, Maxim"]
[Result "1/2-1/2"]
[WhiteElo "2059"]
[BlackElo "1923"]
[PlyCount "97"]
[EventDate "2018.08.29"]
[EventType "tourn"]
[EventRounds "5"]
[EventCountry "CAN"]

1. Nf3 c5 2. g3 g6 3. Bg2 Bg7 4. O-O Nc6 5. d3 d6 6. h4 e5 7. Bg5 Qb6 8. Nbd2
h6 9. Nc4 Qc7 10. Bd2 f5 11. e4 Nf6 12. exf5 gxf5 13. Nh2 Be6 14. c3 Qd7 15.
Re1 Rg8 16. Qe2 Bf8 17. Rad1 O-O-O 18. Bxc6 Qxc6 19. Nxe5 dxe5 20. Qxe5 Bd5 21.
Qxf5+ Kb8 22. c4 Bf7 23. Bf4+ Ka8 24. Be5 Bg7 25. Re3 Bxc4 26. Rc1 Be6 27. Qg6
Bh3 28. f3 Bh8 29. Qxh6 Rge8 30. d4 Re6 31. Rxc5 Qxc5 32. dxc5 Rd1+ 33. Kf2
Ne4+ 34. fxe4 Rxh6 35. Bxh8 Rxh8 36. g4 Rd2+ 37. Kg3 Bg2 38. e5 Bc6 39. Nf3 Rf8
40. h5 Rd5 41. g5 Rxc5 42. h6 Be8 43. Nd4 Rg8 44. Nf3 Bh5 45. Kh4 Bxf3 46. Rxf3
Rxe5 47. h7 Rexg5 48. hxg8=Q+ Rxg8 49. Rg3 1/2-1/2

[Event "Mercredi 2018.08.29 ABCD"]
[Site "Montreal CAN"]
[Date "2018.08.29"]
[Round "1"]
[White "Langlois-Remillard, Alexis"]
[Black "Nikulich, Oleksandr"]
[Result "1/2-1/2"]
[WhiteElo "2124"]
[BlackElo "2097"]
[PlyCount "91"]
[EventDate "2018.08.29"]
[EventType "tourn"]
[EventRounds "5"]
[EventCountry "CAN"]

1. e4 e5 2. Bc4 Nf6 3. d3 Nc6 4. Nf3 Bc5 5. O-O d6 6. c3 Bb6 7. Nbd2 Na5 8.
Bb5+ Bd7 9. Bxd7+ Qxd7 10. b4 Nc6 11. Nc4 O-O 12. a4 a6 13. Nxb6 cxb6 14. Be3
b5 15. axb5 axb5 16. h3 d5 17. exd5 Qxd5 18. Bc5 Rfd8 19. d4 Rxa1 20. Qxa1 e4
21. Ne5 Nxe5 22. dxe5 Qxe5 23. Qa5 Qe8 24. Re1 Rc8 25. f3 Qc6 26. fxe4 Nxe4 27.
Rd1 Re8 28. Rd8 Nxc5 29. Rxe8+ Qxe8 30. bxc5 g6 31. Qb6 Qe1+ 32. Kh2 Qxc3 33.
Qxb5 Qe5+ 34. Kh1 Qe4 35. Qd7 Kg7 36. Qc7 g5 37. Qd7 h5 38. Qd8 g4 39. Qg5+ Qg6
40. Qe5+ Kh7 41. hxg4 hxg4 42. g3 Qc6+ 43. Kg1 Qf3 44. Qh5+ Kg7 45. Qg5+ Kf8
46. Qd8+ 1/2-1/2

[Event "Mercredi 2018.08.29 ABCD"]
[Site "Montreal CAN"]
[Date "2018.08.29"]
[Round "1"]
[White "Lima, Biakolo"]
[Black "Baran, Marius"]
[Result "1-0"]
[WhiteElo "1912"]
[BlackElo "1763"]
[PlyCount "61"]
[EventDate "2018.08.29"]
[EventType "tourn"]
[EventRounds "5"]
[EventCountry "CAN"]

1. e4 d5 2. exd5 Nf6 3. d4 Nxd5 4. Nf3 e6 5. Bd3 Be7 6. O-O Nd7 7. c3 N7f6 8.
Ne5 O-O 9. Nd2 c5 10. dxc5 Bxc5 11. Ndf3 h6 12. a3 Nd7 13. c4 Nxe5 14. Nxe5 Nf6
15. Qe2 Bd7 16. Rd1 Qe7 17. b4 Bd6 18. f4 Ba4 19. Rf1 Rac8 20. c5 Bb8 21. Bb2
Bb3 22. Rae1 Bd5 23. Ng4 Nxg4 24. Qxg4 f5 25. Bxf5 Rxf5 26. Qxf5 Rd8 27. Qg4
Qc7 28. Be5 Qf7 29. Bxb8 Rxb8 30. f5 exf5 31. Rxf5 1-0

[Event "Mercredi 2018.08.29 ABCD"]
[Site "Montreal CAN"]
[Date "2018.08.29"]
[Round "1"]
[White "Lopez Linares, Lizandro"]
[Black "Boudreau, Daniel"]
[Result "1/2-1/2"]
[WhiteElo "2190"]
[BlackElo "2059"]
[PlyCount "78"]
[EventDate "2018.08.29"]
[EventType "tourn"]
[EventRounds "5"]
[EventCountry "CAN"]

1. d4 Nf6 2. c4 e6 3. Nf3 d5 4. Nc3 Bb4 5. Qb3 a5 6. a3 Bxc3+ 7. Qxc3 Ne4 8.
Qc2 O-O 9. e3 Nd7 10. Bd3 f5 11. b3 b6 12. cxd5 Ndf6 13. dxe6 Bxe6 14. Bc4 Nd5
15. O-O Rf6 16. Ne5 Rh6 17. f3 Qh4 18. h3 Ng3 19. e4 Nf4 20. Bxf4 Qxf4 21. Rfe1
fxe4 22. fxe4 Rf8 23. Ra2 Bxc4 24. Qxc4+ Kh8 25. Qxc7 Nf1 26. Ng6+ hxg6 27.
Qxf4 Rxf4 28. Rxf1 Rxe4 29. Rd2 g5 30. Rf5 g4 31. hxg4 Rxg4 32. Kf2 Rhg6 33.
Kf1 Rd6 34. d5 Rg3 35. Rf3 Rg5 36. Rfd3 Kg8 37. Ke1 Kf7 38. Kd1 Ke7 39. Kc2
Rdg6 1/2-1/2

[Event "Mercredi 2018.08.29 ABCD"]
[Site "Montreal CAN"]
[Date "2018.08.29"]
[Round "1"]
[White "Nunez, Omar"]
[Black "Lebeau, Gilbert"]
[Result "1/2-1/2"]
[WhiteElo "1975"]
[BlackElo "1947"]
[PlyCount "76"]
[EventDate "2018.08.29"]
[EventType "tourn"]
[EventRounds "5"]
[EventCountry "CAN"]

1. f4 d5 2. Nf3 g6 3. g3 Bg7 4. Bg2 Nf6 5. O-O O-O 6. d3 c5 7. Nc3 Nc6 8. e4
dxe4 9. dxe4 e5 10. Qxd8 Rxd8 11. fxe5 Ng4 12. Bg5 Rf8 13. Nd5 Ncxe5 14. Nxe5
Bxe5 15. c3 f6 16. Bd2 Kg7 17. h3 Nh6 18. Be3 b6 19. Nxf6 Be6 20. Nd5 Bxg3 21.
Bf4 Bxf4 22. Nxf4 Bc4 23. Rf2 Rae8 24. b3 Bb5 25. c4 Bc6 26. Raf1 Nf7 27. Nd5
Ne5 28. Nc7 Re7 29. Ne6+ Rxe6 30. Rxf8 Re7 31. R8f6 Bb7 32. Rd6 Nf7 33. Rdf6
Ne5 34. Rd6 Bc6 35. a4 Bd7 36. Ra1 Nf7 37. Rd2 Ne5 38. a5 Bxh3 1/2-1/2

[Event "Mercredi 2018.08.29 ABCD"]
[Site "Montreal CAN"]
[Date "2018.08.29"]
[Round "1"]
[White "O'Neill, Brendon"]
[Black "Millette, Sylvain"]
[Result "1/2-1/2"]
[WhiteElo "1702"]
[BlackElo "1692"]
[PlyCount "52"]
[EventDate "2018.08.29"]
[EventType "tourn"]
[EventRounds "5"]
[EventCountry "CAN"]

1. e4 Nf6 2. e5 Nd5 3. c4 Nb6 4. d4 d6 5. exd6 exd6 6. Nf3 Bg4 7. Be2 Be7 8.
O-O O-O 9. Nc3 Bf6 10. Bf4 Nc6 11. Re1 Bxf3 12. Bxf3 Nxd4 13. Bxb7 Rb8 14. Be4
Ne6 15. Bg3 g6 16. Qe2 Qd7 17. Rad1 Rfe8 18. Qf3 Bg7 19. Bc6 Ng5 20. Rxe8+ Rxe8
21. Bxd7 Nxf3+ 22. gxf3 Nxd7 23. Nb5 Ne5 24. b3 Nxf3+ 25. Kf1 Rc8 26. Nxa7 Ra8
1/2-1/2

[Event "Mercredi 2018.08.29 ABCD"]
[Site "Montreal CAN"]
[Date "2018.08.29"]
[Round "1"]
[White "Templonuevo, Mark Geryl"]
[Black "Nardone, Raul"]
[Result "0-1"]
[WhiteElo "1854"]
[BlackElo "1764"]
[PlyCount "88"]
[EventDate "2018.08.29"]
[EventType "tourn"]
[EventRounds "5"]
[EventCountry "CAN"]

1. Nf3 Nf6 2. c4 g6 3. Nc3 Bg7 4. d4 d6 5. e4 O-O 6. Be2 e5 7. O-O Nc6 8. d5
Ne7 9. b4 Nh5 10. Qb3 Nf4 11. Bxf4 exf4 12. Rac1 h6 13. c5 g5 14. cxd6 cxd6 15.
Nb5 Ng6 16. Nc7 Rb8 17. a4 g4 18. Nd2 Ne5 19. Rfe1 h5 20. b5 h4 21. Kh1 Bh6 22.
Rc2 f3 23. b6 axb6 24. Nxf3 gxf3 25. gxf3 Bf4 26. Qxb6 Bh3 27. Qb4 Kh8 28. Rg1
Qf6 29. Rb2 Rg8 30. Rbb1 Bg2+ 31. Rxg2 Rxg2 32. Kxg2 Rg8+ 33. Kf1 Qg5 34. Bb5
Nxf3 35. Qc3+ Ne5 36. Rb3 Qg2+ 37. Ke1 Qxe4+ 38. Kf1 Bxh2 39. Qe3 Rg1+ 40. Ke2
Qg4+ 41. f3 Qg2+ 42. Qf2 Qg5 43. Qe3 Bf4 44. Qa7 Qg3 0-1

[Event "Mercredi 2018.08.29 ABCD"]
[Site "Montreal CAN"]
[Date "2018.08.29"]
[Round "1"]
[White "Tremblay, Alain"]
[Black "Pomerantz, Daniel"]
[Result "1/2-1/2"]
[WhiteElo "2128"]
[BlackElo "2062"]
[PlyCount "53"]
[EventDate "2018.08.29"]
[EventType "tourn"]
[EventRounds "5"]
[EventCountry "CAN"]

1. Nf3 Nf6 2. d4 e6 3. Bg5 c5 4. e3 cxd4 5. exd4 Qb6 6. Nbd2 Nc6 7. c3 Be7 8.
Be2 h6 9. Nc4 Qc7 10. Bh4 d6 11. Ne3 a6 12. a4 b6 13. O-O Bb7 14. Nd2 Nb8 15.
Re1 Nbd7 16. c4 d5 17. cxd5 Nxd5 18. Nxd5 Bxd5 19. Bxe7 Kxe7 20. Bf3 Nf6 21.
Bxd5 Nxd5 22. Qf3 Rhd8 23. Rac1 Qf4 24. Qa3+ Qd6 25. Qf3 Qf4 26. Qa3+ Qd6 27.
Qf3 1/2-1/2

[Event "Mercredi 2018.08.29 ABCD"]
[Site "Montreal CAN"]
[Date "2018.08.29"]
[Round "1"]
[White "Vignalou, Joseph"]
[Black "Jean, Robert"]
[Result "1-0"]
[WhiteElo "1714"]
[BlackElo "1683"]
[PlyCount "63"]
[EventDate "2018.08.29"]
[EventType "tourn"]
[EventRounds "5"]
[EventCountry "CAN"]

1. e4 c5 2. Nf3 Nc6 3. Bb5 Nd4 4. Nxd4 cxd4 5. c3 Qb6 6. Bd3 e5 7. cxd4 Qxd4 8.
Qe2 Nf6 9. Nc3 a6 10. O-O Bc5 11. Bc2 O-O 12. d3 Qd6 13. Be3 b5 14. Rad1 Bd4
15. Bxd4 Qxd4 16. Qe3 Qb4 17. d4 d6 18. Bb3 Bb7 19. f4 Rae8 20. fxe5 dxe5 21.
d5 Qd6 22. Ne2 Rc8 23. Ng3 Ng4 24. Qg5 Qb6+ 25. Kh1 Qg6 26. Qe7 Qb6 27. Nf5 Rc7
28. Qg5 Qg6 29. Ne7+ Rxe7 30. Qxe7 Bc8 31. d6 Ne3 32. Bxf7+ 1-0

[Event "Mercredi 2018.08.29 ABCD"]
[Site "Montreal CAN"]
[Date "2018.08.29"]
[Round "1"]
[White "Zhong, Kevin"]
[Black "Nesterov, Timour"]
[Result "1-0"]
[WhiteElo "2008"]
[BlackElo "1945"]
[PlyCount "79"]
[EventDate "2018.08.29"]
[EventType "tourn"]
[EventRounds "5"]
[EventCountry "CAN"]

1. e4 e6 2. Nf3 b6 3. d4 Bb7 4. Bd3 c5 5. c3 cxd4 6. cxd4 Nf6 7. e5 Nd5 8. O-O
Be7 9. Nc3 Nb4 10. Bb1 N8a6 11. a3 Nd5 12. Nxd5 Bxd5 13. Qd3 Bb7 14. Ne1 Nc7
15. Qg3 g6 16. Bh6 d6 17. Qh3 Qd7 18. Nd3 O-O-O 19. a4 Kb8 20. b4 a6 21. Ba2
Nd5 22. Bxd5 Bxd5 23. a5 b5 24. exd6 Bxd6 25. Bg5 Rc8 26. Nc5 Bxc5 27. dxc5 f5
28. Rfe1 Kb7 29. Rad1 h6 30. Bf6 Rh7 31. Bc3 h5 32. Qe3 g5 33. Be5 f4 34. Qd3
Qf7 35. Bd6 g4 36. Qd4 f3 37. Qf4 Qg6 38. Re5 Rf7 39. Qg5 Qc2 40. Rexd5 1-0

[Event "Mercredi 2018.08.29 ABCD"]
[Site "Montreal CAN"]
[Date "2018.09.05"]
[Round "2"]
[White "Boudreau, Daniel"]
[Black "Nikulich, Oleksandr"]
[Result "1-0"]
[WhiteElo "2059"]
[BlackElo "2097"]
[PlyCount "103"]
[EventDate "2018.08.29"]
[EventType "tourn"]
[EventRounds "5"]
[EventCountry "CAN"]

1. e4 e5 2. Nc3 Nf6 3. Bc4 Nxe4 4. Qh5 Nd6 5. Qxe5+ Qe7 6. Qxe7+ Bxe7 7. Bb3
Nf5 8. Nf3 c6 9. O-O d5 10. Re1 Kd8 11. Ne2 Nd7 12. c3 Nc5 13. Bc2 Nd6 14. Ned4
Bf6 15. b4 Ne6 16. Nb3 Nc4 17. Rb1 Nc7 18. d3 Nd6 19. Bd2 Ncb5 20. Nbd4 Nxd4
21. Nxd4 Bg4 22. h3 Bh5 23. a4 Bg6 24. g4 h5 25. g5 Be7 26. Re5 Kd7 27. f4 f6
28. Re2 fxg5 29. fxg5 Rhe8 30. Rbe1 Bf8 31. Ne6 Nf5 32. d4 Nh4 33. Nxf8+ Rxf8
34. Re7+ Kd8 35. Bxg6 Nf3+ 36. Kg2 Nxe1+ 37. Rxe1 h4 38. Re5 Kd7 39. Bf5+ Kd8
40. Be1 Re8 41. Bxh4 Rxe5 42. dxe5 a5 43. g6+ Kc7 44. e6 axb4 45. cxb4 Kd6 46.
a5 Rh8 47. e7 d4 48. Bg5 Rg8 49. Kf3 Rh8 50. h4 Rg8 51. Ke4 Re8 52. Kxd4 1-0

[Event "Mercredi 2018.08.29 ABCD"]
[Site "Montreal CAN"]
[Date "2018.09.05"]
[Round "2"]
[White "Jacquet, Stephane"]
[Black "Lebeau, Gilbert"]
[Result "0-1"]
[WhiteElo "2059"]
[BlackElo "1947"]
[PlyCount "68"]
[EventDate "2018.08.29"]
[EventType "tourn"]
[EventRounds "5"]
[EventCountry "CAN"]

1. d4 Nf6 2. c4 e6 3. Nf3 d5 4. Qc2 Nbd7 5. cxd5 exd5 6. Bf4 c6 7. Nc3 Bb4 8.
e3 O-O 9. Bd3 h6 10. h3 Re8 11. O-O Qe7 12. a3 Bd6 13. b4 a6 14. Na4 Ne4 15.
Bxd6 Qxd6 16. Nc5 Ndxc5 17. bxc5 Qf6 18. Ne5 Qh4 19. Bxe4 dxe4 20. Rab1 Qg5 21.
f4 exf3 22. Rxf3 f6 23. Nc4 Re7 24. e4 Be6 25. Nd6 Rb8 26. Qf2 h5 27. Rg3 Qh6
28. Rc3 Rd7 29. Rd3 Qg5 30. h4 Qg6 31. Rbd1 b6 32. d5 cxd5 33. exd5 Bg4 34. Rb1
Qxd3 0-1

[Event "Mercredi 2018.08.29 ABCD"]
[Site "Montreal CAN"]
[Date "2018.09.05"]
[Round "2"]
[White "Jean, Robert"]
[Black "Ostaci, Liviu"]
[Result "0-1"]
[WhiteElo "1683"]
[BlackElo "1684"]
[PlyCount "92"]
[EventDate "2018.08.29"]
[EventType "tourn"]
[EventRounds "5"]
[EventCountry "CAN"]

1. d4 Nf6 2. c4 g6 3. Nc3 Bg7 4. e4 d6 5. f3 O-O 6. Bg5 c6 7. Qd2 Re8 8. O-O-O
Qa5 9. Kb1 Qc7 10. h4 e5 11. d5 cxd5 12. cxd5 Nh5 13. Nb5 Qd7 14. Rc1 Na6 15.
Be3 Ng3 16. Rh2 Nxf1 17. Rxf1 Qxb5 18. Rc1 f5 19. h5 f4 20. Bf2 g5 21. Ne2 Bf6
22. Nc3 Qa5 23. Be1 Qd8 24. Qe2 Bd7 25. g4 h6 26. a3 Rb8 27. Bf2 Nc5 28. b4 Nb3
29. Rf1 Nd4 30. Qd1 a5 31. Be1 axb4 32. axb4 Rc8 33. Ra2 Ra8 34. Kb2 Rxa2+ 35.
Nxa2 Qa8 36. Rf2 Qa6 37. Bc3 Ra8 38. Kb1 Qc4 39. Qd2 Ba4 40. Bb2 Bc2+ 41. Kc1
Rxa2 42. Qc3 Qxc3 43. Bxc3 Bb3 44. Bb2 Ra4 45. Bc3 Bc4 46. Kd1 Kf7 0-1

[Event "Mercredi 2018.08.29 ABCD"]
[Site "Montreal CAN"]
[Date "2018.09.05"]
[Round "2"]
[White "Lopez Linares, Lizandro"]
[Black "Tremblay, Alain"]
[Result "1-0"]
[WhiteElo "2190"]
[BlackElo "2128"]
[PlyCount "53"]
[EventDate "2018.08.29"]
[EventType "tourn"]
[EventRounds "5"]
[EventCountry "CAN"]

1. d4 c5 2. e3 e6 3. Nf3 Nf6 4. Bd3 d5 5. O-O Be7 6. b3 cxd4 7. exd4 Nc6 8. Re1
a5 9. a3 O-O 10. Bb2 b6 11. Qe2 Bb7 12. Nc3 Qc8 13. Nb5 Rd8 14. Rac1 Qb8 15. c4
dxc4 16. bxc4 Qf4 17. Rcd1 Na7 18. Nc3 Bd6 19. d5 exd5 20. Nxd5 Nxd5 21. cxd5
Bxd5 22. Bxh7+ Kxh7 23. Rxd5 Kg8 24. g3 Qh6 25. Ng5 Bf8 26. Rxd8 Rxd8 27. Nxf7
1-0

[Event "Mercredi 2018.08.29 ABCD"]
[Site "Montreal CAN"]
[Date "2018.09.05"]
[Round "2"]
[White "Millette, Sylvain"]
[Black "Gates, Claude-Eric"]
[Result "1/2-1/2"]
[WhiteElo "1692"]
[BlackElo "1690"]
[PlyCount "68"]
[EventDate "2018.08.29"]
[EventType "tourn"]
[EventRounds "5"]
[EventCountry "CAN"]

1. Nf3 Nf6 2. g3 g6 3. Bg2 Bg7 4. d4 O-O 5. O-O d5 6. c4 dxc4 7. Qa4 Nc6 8.
Qxc4 Be6 9. Qb5 Rb8 10. Rd1 a6 11. Qa4 Qc8 12. Nc3 Nd5 13. e4 Nb6 14. Qc2 Bg4
15. Be3 Nc4 16. a3 Nxe3 17. fxe3 Bh6 18. Qd3 b5 19. Rac1 Na5 20. Nd5 Qd8 21. b3
c6 22. Nb4 Qb6 23. Rc5 Rfd8 24. Rdc1 Rbc8 25. Ne5 Bd7 26. Nxd7 Rxd7 27. Nd5 Qd8
28. Nb4 Qb6 29. e5 Rdc7 30. Qe4 Nxb3 31. Rxc6 Rxc6 32. Rxc6 Rxc6 33. Nxc6 e6
34. Qd3 Na5 1/2-1/2

[Event "Mercredi 2018.08.29 ABCD"]
[Site "Montreal CAN"]
[Date "2018.09.05"]
[Round "2"]
[White "Nardone, Raul"]
[Black "Guipi Bopala, Prince Eric jr"]
[Result "1-0"]
[WhiteElo "1764"]
[BlackElo "1804"]
[PlyCount "95"]
[EventDate "2018.08.29"]
[EventType "tourn"]
[EventRounds "5"]
[EventCountry "CAN"]

1. e4 e5 2. Nf3 Nc6 3. Bb5 a6 4. Ba4 Nf6 5. O-O Be7 6. Re1 b5 7. Bb3 O-O 8. a4
b4 9. d3 d6 10. h3 Na5 11. Nbd2 Nxb3 12. cxb3 c5 13. Nc4 h6 14. Nh2 Nd7 15. Ng4
Nb8 16. Bxh6 gxh6 17. Nxh6+ Kg7 18. Nf5+ Bxf5 19. exf5 Bg5 20. Qg4 Kh7 21. f6
Kh6 22. Ne3 Qxf6 23. Qe4 Bxe3 24. Rxe3 Nd7 25. Rf3 Qg6 26. Qh4+ Qh5 27. Qe7
Rad8 28. Rg3 Rfe8 29. Qxd6+ f6 30. Re1 Kh7 31. Qc7 Kh8 32. Re4 f5 33. Rxe5 Rxe5
34. Qxd8+ Re8 35. Qxd7 Rg8 36. Rxg8+ Kxg8 37. Qc8+ Kg7 38. Qxc5 Qd1+ 39. Kh2
Qxb3 40. Qe5+ Kg8 41. Qb8+ Kg7 42. Qe5+ Kg8 43. Qb8+ Kh7 44. Qc7+ Kh6 45. d4
Qxb2 46. d5 Qxf2 47. Qe5 Kg6 48. d6 1-0

[Event "Mercredi 2018.08.29 ABCD"]
[Site "Montreal CAN"]
[Date "2018.09.05"]
[Round "2"]
[White "Pomerantz, Daniel"]
[Black "Langlois-Remillard, Alexis"]
[Result "1-0"]
[WhiteElo "2062"]
[BlackElo "2124"]
[PlyCount "105"]
[EventDate "2018.08.29"]
[EventType "tourn"]
[EventRounds "5"]
[EventCountry "CAN"]

1. e4 e6 2. d4 d5 3. Nd2 Nf6 4. e5 Nfd7 5. Bd3 c5 6. c3 Nc6 7. Ne2 cxd4 8. cxd4
f6 9. exf6 Nxf6 10. O-O Bd6 11. Nf3 Qc7 12. Bg5 O-O 13. Bh4 Nh5 14. Qc2 h6 15.
Bh7+ Kh8 16. Bg6 Rxf3 17. Bxh5 Rf5 18. Bg6 Rf8 19. Bg3 Bd7 20. Rac1 Rac8 21.
Qb3 Be8 22. Bxd6 Qxd6 23. Bxe8 Rfxe8 24. Qxb7 Rc7 25. Qa6 Rb8 26. b3 Rb6 27.
Qd3 e5 28. dxe5 Nxe5 29. Qf5 g6 30. Qf4 g5 31. Qd4 Rg7 32. f4 Nc6 33. Qd2 d4
34. Rc4 d3 35. Rd1 Rd7 36. Ng3 Nd4 37. fxg5 Ne2+ 38. Nxe2 dxe2 39. Qc3+ Kg8 40.
Rxd6 Rbxd6 41. Rc8+ Kf7 42. Qf3+ Kg7 43. gxh6+ Kh7 44. Qxe2 Rd1+ 45. Kf2 R1d2
46. Re8 Rxe2+ 47. Rxe2 Kxh6 48. g3 Rc7 49. h4 Rc3 50. Kg2 a5 51. Kh3 a4 52.
bxa4 Ra3 53. Re4 1-0

[Event "Mercredi 2018.08.29 ABCD"]
[Site "Montreal CAN"]
[Date "2018.09.05"]
[Round "2"]
[White "Vignalou, Joseph"]
[Black "O'Neill, Brendon"]
[Result "0-1"]
[WhiteElo "1714"]
[BlackElo "1702"]
[PlyCount "80"]
[EventDate "2018.08.29"]
[EventType "tourn"]
[EventRounds "5"]
[EventCountry "CAN"]

1. e4 c5 2. Nf3 d6 3. d4 cxd4 4. Nxd4 Nf6 5. Nc3 a6 6. Bg5 e6 7. f4 Be7 8. Qf3
Qc7 9. O-O-O Nbd7 10. Bd3 Rb8 11. Rhe1 b5 12. e5 dxe5 13. Qc6 Qa7 14. fxe5 Bb7
15. Qc7 Rc8 16. Nc6 Rxc7 17. Nxa7 Nd5 18. Bxe7 Kxe7 19. Naxb5 axb5 20. Nxb5 Rc5
21. Nd6 Ba8 22. Ne4 Rc7 23. Ng5 h6 24. Nf3 Nc5 25. Kb1 Rb8 26. Ka1 Nxd3 27.
cxd3 Nb4 28. Kb1 Bd5 29. b3 Ra8 30. Rd2 Rca7 31. Ree2 Bxb3 32. axb3 Ra1+ 33.
Kb2 Nxd3+ 34. Kc3 Nf4 35. Re4 Nd5+ 36. Kd3 Rb1 37. Kc2 Raa1 38. Ra4 Rc1+ 39.
Kb2 Rab1+ 40. Ka2 Nc3+ 0-1

[Event "Mercredi 2018.08.29 ABCD"]
[Site "Montreal CAN"]
[Date "2018.09.05"]
[Round "2"]
[White "Zhong, Kevin"]
[Black "Nunez, Omar"]
[Result "1-0"]
[WhiteElo "2008"]
[BlackElo "1975"]
[PlyCount "57"]
[EventDate "2018.08.29"]
[EventType "tourn"]
[EventRounds "5"]
[EventCountry "CAN"]

1. e4 d5 2. exd5 Qxd5 3. Nc3 Qa5 4. d4 Nf6 5. Nf3 Nc6 6. d5 Nb4 7. Bc4 Bf5 8.
O-O Bxc2 9. Qe2 Bg6 10. Bf4 Nbxd5 11. Bd2 Nxc3 12. Bxc3 Qh5 13. Rfd1 Be4 14.
Ne5 e6 15. f3 Bc5+ 16. Kh1 O-O 17. fxe4 Qxe2 18. Bxe2 Nxe4 19. Nd3 Nxc3 20.
bxc3 Be7 21. Bf3 c6 22. Rab1 b6 23. Ne5 f6 24. Nxc6 Bc5 25. Rd7 Rae8 26. Rbd1
a5 27. g3 Rf7 28. Nd8 Rfe7 29. Nxe6 1-0

[Event "Mercredi 2018.08.29 ABCD"]
[Site "Montreal CAN"]
[Date "2018.09.12"]
[Round "3"]
[White "Gates, Claude-Eric"]
[Black "Vignalou, Joseph"]
[Result "1-0"]
[WhiteElo "1690"]
[BlackElo "1714"]
[PlyCount "43"]
[EventDate "2018.08.29"]
[EventType "tourn"]
[EventRounds "5"]
[EventCountry "CAN"]

1. d4 Nf6 2. c4 e6 3. Nc3 d5 4. Bg5 Nbd7 5. cxd5 exd5 6. e3 c6 7. Bd3 Qa5 8.
Nge2 Bd6 9. O-O Qc7 10. Rc1 a6 11. Bf4 Nf8 12. f3 Ng6 13. Bxd6 Qxd6 14. e4 dxe4
15. fxe4 Ng4 16. e5 N6xe5 17. dxe5 Qc5+ 18. Kh1 Nf2+ 19. Rxf2 Qxf2 20. Ne4 Qb6
21. Nd6+ Kf8 22. Bc4 1-0